000 00313nam a22001337a 4500
008 171020b xxu||||| |||| 00| 0 eng d
020 _a9781878812094
041 _aeng
080 _23RD
_a338
100 _a54
101 _aMEN
245 _aMANAGING HEALTH SERVICES ORGANIZATIONS
_cRAKICH,J.S
942 _2udc
_cBK
999 _c35047
_d35047